LEADER 00890nam0-2200313 --450 001 9910327158803321 005 20190703124107.0 010 $a978-88-3353-020-8 100 $a20190703d2018----kmuy0itay5050 ba 101 1 $aita$cger 102 $aIT 105 $a 001yy 200 1 $a<>terzo Reich e il sogno di Atlantide$fFranz Wegener 205 $a2. ed. 210 $aTorino$cLindau$d2018 215 $a185 p.$cill.$d21 cm 225 1 $a<>leoni 320 $aContiene bibl. (pp.173-182) 610 0 $aAtlantide 610 0 $aAtlantide$aStudi$aGermania$aSec. 20. 676 $a398.42$v19$zita 700 1$aWegener,$bFranz$f<1965>$0765395 801 0$aIT$bUNINA$gREICAT$2UNIMARC 901 $aBK 912 $a9910327158803321 952 $aXIV B 2797$b830/2019$fFSPBC 959 $aFSPBC 996 $aTerzo Reich e il sogno di Atlantide$91555613 997 $aUNINA LEADER 01055cam a2200265 i 4500 001 991002593579707536 008 140923s2013 it b 001 0 ita 020 $a9788843067503 035 $ab14200284-39ule_inst 040 $aDip.to di Storia, Società e Studi sull'Uomo$bita 082 04$a361.25094 082 04$a940.31 100 1 $aProcacci, Giovanna$0123242 245 10$aWarfare-welfare :$bintervento dello Stato e diritti dei cittadini (1914-18) /$cGiovanna Procacci 260 $aRoma :$bCarocci,$cc2013 300 $a199 p. ;$c22 cm. 440 0$aStudi storici Carocci ;$v191 650 4$aPolitica sociale$zGermania [e] Gran Bretagna [e] Italia$y1914-1918 650 4$aInternati civili$xDiritti$xViolazione$zItalia$y1914-1918 907 $a.b14200284$b09-10-14$c23-09-14 912 $a991002593579707536 945 $aLE023 361.25 PRO 1 1$g1$i2023000134269$lle023$op$pE22.00$q-$rl$s- $t0$u10$v2$w10$x0$y.i15636124$z03-10-14 996 $aWarfare-welfare$9258453 997 $aUNISALENTO 998 $ale023$b01-10-14$cm$da $e-$fita$git $h0$i0 LEADER 01557oam 2200457 a 450 001 9910700896803321 005 20110728075751.0 035 $a(CKB)5470000002412045 035 $a(OCoLC)646199379 035 $a(EXLCZ)995470000002412045 100 $a20100707d2010 ua 0 101 0 $aeng 135 $aurmn||||a|||| 181 $ctxt$2rdacontent 182 $cc$2rdamedia 183 $acr$2rdacarrier 200 10$aBorder security$b[electronic resource] $eimprovements in the Department of State's development process could increase the security of passport cards and border crossing cards : report to congressional requesters 210 1$a[Washington, D.C.] :$cU.S. Govt. Accountability Office,$d[2010] 215 $a1 online resource (ii, 36 pages) $ccolor illustrations 300 $aTitle from PDF title screen (GAO, viewed July 7, 2010). 300 $a"June 2010." 300 $a"GAO-10-589." 320 $aIncludes bibliographical references. 517 $aBorder security 606 $aPassports$zUnited States 606 $aBorder security$zUnited States 606 $aIdentification cards$zUnited States 606 $aBorder crossing$xSecurity measures$zUnited States 615 0$aPassports 615 0$aBorder security 615 0$aIdentification cards 615 0$aBorder crossing$xSecurity measures 801 0$bDID 801 1$bDID 801 2$bDOS 801 2$bOCLCQ 801 2$bGPO 906 $aBOOK 912 $a9910700896803321 996 $aBorder security$93423087 997 $aUNINA